000 01394nam a2200337 a 4500
999 _c142211
_d142211
003 BLK
005 20240217100722.0
008 180409b bul|||||r ||||||| ||bul||
010 _aKNG00148297000
040 _aBLK
041 _aBUL
_cBUL
080 _aБългарска литература
_b821.163.2
_x-93-32
_z821.163.2-93-32
100 1 _aПрокопова, Първолета Атанасова
_eпърви автор
_9283951
139 _aПрокопова, Първолета Атанасова
_bП 91
245 1 0 _aДа уловиш лястовича сянка
_bРазкази за деца и юноши
_cПърволета Атанасова Прокопова; ил. Олга Паскалева.
257 _aBGR
260 _bОтечество
_c1985
_aСофия
300 _a112 с.
_bс ил.
_c20 см
380 _aDX
500 _a11 115 тир.
653 _aдетска литература
653 _aлитература за деца
700 1 _aПаскалева, Олга
_eил.
_9365148
852 _aЦб 261970
856 4 _qpdf
_i0.00
_ldisable
856 4 _qpdf
_i0.00
_ldisable
942 _cKNG
_n0
_s1
_01
944 _aCR
_c02.08.2013
_lРусанова Ирена
_k30542
944 _aED
_c16.09.2017
_l02.08.2013 - от С1,Р / 02.08.2013
_kНаталия_Любомирова
999 _d142211